MDQL
is popping MORE tags! Check the
thread
!
Quizzes
Events
Quiz Creation
Community
Videos
Private Events
Remove Ads
Sign In
Join for FREE
Feedback
Dark Mode
Quiz Categories
Sports
Geography
Music
Movies
Television
Just For Fun
Miscellaneous
History
Literature
Language
Science
Gaming
Entertainment
Religion
Holiday
For Kids
Quiz Lab
Recent
Popular Today
Quiz Kudos Today
Editor Picks
Curator Picks
Quizzes by...
Day
Popularity
Type
Ratings
Length
Year
Community
Subscriptions
Recent Discussions
Orange Saloon
Badges
Playlists
Quests
Create
Leaderboards
Showdown
Live 5
Trivia Bingo
Activity
Puzzle Library
Sporcle Events
Private Events
Virtual Trivia
Globe League
Become a Host
Pub Owners
SporcleCon
Opinionation
Our Games
Videos
Blog
Mobile Apps
Partnerships
Remove Ads and Go Orange
Feedback
Geography
Country
Landmarks
City
State
Population
World
Capital
Continent
Flags
Europe
Africa
Asia
South America
North America
Oceania
Border
Canada
United Kingdom
Topography
United States
Geography
Country
Landmarks
City
State
Population
World
Capital
Continent
Flags
Europe
Africa
Asia
South America
North America
Oceania
Border
Canada
United Kingdom
Topography
United States
Random Quiz
Search Sporcle
×
Curator Pick
Curator Pick
Geography
Capital
Type in answers that appear in a list
Type in answers that appear in a list
Classic
Best Score? Go Orange.
European Capitals North to South Stats
Can you name the European Capitals from North to South?
By
Jargonaut
10m
47 Questions
2,747 Plays
2,747 Plays
2,747 Plays
Comments
Comments
Give Quiz Kudos
Give Quiz Kudos
-
- Ratings
hide this ad
More Info
Forced Order
Answers have to be entered in order
Answers have to be entered in order
Replay
Link that replays current quiz
Next Quiz
Link to next quiz in quiz playlist
You Got
0%
They Got
Avg Score
73%
Avg Friend Score
Upgrade to see
Score Distribution
Jump to the score distribution portion of the page
Score
0/47
Timer
10:00
0
Plays Today
Longitude
Capital
% Correct
64o08′N
Reykjavik
98.4%
60o12'N
Helsinki
97.6%
59o56'N
Oslo
97.6%
59o21'N
Stockholm
92.8%
59o26'N
Tallinn
90.8%
56o58'N
Riga
90.4%
55o45'N
Moscow
89.4%
55o43'N
Copenhagen
89.1%
54o41'N
Vilnius
86.7%
53o55'N
Minsk
85.6%
53o21'N
Dublin
84.7%
52o31'N
Berlin
84.3%
52o22'N
Amsterdam
83.9%
51o30'N
London
82.9%
52o14'N
Warsaw
82.7%
50o51'N
Brussels
82.2%
50o05'N
Prague
78.3%
48o52'N
Paris
78%
49o37'N
Luxembourg
76.8%
50o27'N
Kiev
76.7%
48o13'N
Vienna
75.9%
48o09'N
Bratislava
73.9%
47o28'N
Budapest
73.8%
47o08'N
Vaduz
71.2%
Longitude
Capital
% Correct
46o57'N
Bern
70.8%
45o49'N
Zagreb
67.4%
44o48'N
Belgrade
66.1%
44o25'N
Bucharest
66.1%
47o00'N
Chisinau
65.8%
46o03'N
Ljubljana
65.7%
41o54'N
Rome
64.1%
38o00'N
Athens
64%
35o10'N
Nicosia
62.7%
43o56'N
San Marino
62.1%
43o52'N
Sarajevo
62.1%
40o23'N
Madrid
61.4%
38o42'N
Lisbon
61.3%
42o42'N
Sofia
61.2%
35o54'N
Valletta
61%
41o54'N
Vatican City
60.4%
43o44'N
Monaco
59.8%
42o00'N
Skopje
57.8%
41o20'N
Tirane
57.2%
42o40'N
Pristina
56.6%
39o52'N
Ankara
56.2%
42o30'N
Andorra la Vella
56.1%
42o28'N
Podgorica
55.9%
Quiz Playlist
Details
Report
Send in Message
Add To Playlist
More Info:
Name every European capital in order from north to south.
Classic:
Type in answers that appear in a list
Forced Order:
Answers have to be entered in order
Quiz Source
Last Updated: Feb 16, 2017
Curator Pick in
Europe
Quiz Scoreboard
CHALLENGE
Sign Up to Join the Scoreboard
Show All
Scores
Hide
Comments
May contain spoilers
Recently Published
Two Season TV Shows II
by 123Four
Television
10m
Image Sorting: Flags VI
by Barbecue
Geography
2m
Find the 'City' Movie
by crazypaving
Movies
60s
More to Explore
Quiz From the Vault
Featured Blog Post
14 Easter Pick-up Lines to Find Eggs With
hide this ad
You Might Also Like...
Tags
Capital Quiz
Country Quiz
Europe Quiz
European Capitals
longitude
north
south
Today's Top Quizzes in Geography
Browse Geography
hide this ad
Today's Top Quizzes in Capital
Browse Capital
Top Contributed Quizzes in Geography
1
Colored Red Europe Blitz I
2
Countries of the World - No Outlines Minefield
3
Colored Red Africa Blitz II
4
Colored Red Europe Blitz II
5
Colored Red Europe Blitz III
6
Colored Red Africa Blitz III
7
Colored Red States Blitz I
8
A Different View: World Oceans
9
Colored Red States Blitz II
10
Colored Red States Blitz III
Explore More
Trending Topics
Kpop
Anime
Marvel
Crossword
Disney
Harry Potter
NBA
Soccer
Song
Country
The Office
WWE
Pokémon
Puzzle
NFL
hide this ad
More By:
Jargonaut
Quiz
Plays
Rating
Category
Featured
Created
200 Largest World Metros
3,744
4.10
Geography
Dec 8, 2010
European Capitals North to South
2,747
4.47
Geography
Sep 20, 2010
Most Populous 2nd Most Populous Metros
1,661
4.24
Geography
Oct 19, 2010
World Capitals Megaquiz
966
3.50
Geography
Sep 16, 2010
Smaller NCAA Basketball Conferences
732
4.00
Sports
Oct 20, 2011
Go to Creator's Profile
Score Distribution
Quiz Creator Spotlight
Jargonaut
Follow
Send a Message
Quizzes Created
-
Created Quiz Play Count
-
More By This Creator
Popular Quizzes Today
1
Find the US States - No Outlines Minefield
2
Colored Red Africa Blitz
3
Find the 'City' Movie
4
5x2 Blitz: Bands
5
The Countries of the World
6
Find the Countries of Europe - No Outlines Minefield
7
Find the US States
8
US States
More Geography Quizzes
Africa Topologist Map
Quiz Lab
Trending Quizzes
Colored Red Europe Blitz I
Colored Red Africa Blitz II
Colored Red Europe Blitz II
Colored Red Africa Blitz III
Colored Red Europe Blitz III
Recently Updated
How Do You Spell That?
pecheneg
Godzilla Movies
pecheneg
Grab Bag: 4-10 Letters
pecheneg
2024 March Madness Bracket
pecheneg
Famous TV Couples
Peacemaker
Champions League XIs: Real Madrid
pecheneg
Largest US Cities 1790-2010
pecheneg
Rides in Walt Disney World
pecheneg
Most Oscar Losses (Acting)
pecheneg
Beyoncé Albums
pecheneg
Trending Topics
Disney
Harry Potter
Marvel
Crossword
NBA
Anime
Kpop
NFL
WWE
Country
Soccer
Puzzle
Song
Pokémon
The Office
Your Account Isn't Verified!
In order to create a playlist on Sporcle, you need to verify the email address you used during registration. Go to your
Sporcle Settings
to finish the process.
Report this User
Report this user for behavior that violates our
Community Guidelines
.
Details:
Send Report
Go to the Sporcle.com Mobile Site →
Comments